| 000 | 00384nam a2200133Ia 4500 | ||
|---|---|---|---|
| 008 | 191014s9999 xx 000 0 und d | ||
| 020 | _aLC 63-16960 | ||
| 082 |
_a226.2 _bGEL |
||
| 100 |
_aI.M. Gel Fand,N.Ya. Vilenkin _920348 |
||
| 245 | 0 | _aGeneralized Function Volume 4.Applications of Harmonic Analysis | |
| 260 |
_aUSA _bAcademic Press _c1964 |
||
| 300 | _aXiv,384 | ||
| 942 | _cBK | ||
| 999 |
_c530922 _d530922 |
||